Η γλώσσα των επιστημονικών κειμένων
Αποθηκεύτηκε σε:
| Κύριος συγγραφέας: | |
|---|---|
| Μορφή: | Βιβλίο |
| Γλώσσα: | Greek |
| Δημοσίευση: |
Αθήνα :
Ελληνικά Γράμματα,
2005
|
| Σειρά: | Γλώσσα - κείμενο - επικοινωνία
|
| Θέματα: | |
| Ετικέτες: |
Προσθήκη ετικέτας
Δεν υπάρχουν, Καταχωρήστε ετικέτα πρώτοι!
|
MARC
| LEADER | 00000cam a2200000 i 4500 | ||
|---|---|---|---|
| 001 | 1/22846 | ||
| 008 | 120910s2005 gre d | ||
| 020 | |a 960-442-039-9 | ||
| 035 | |l 10113130 | ||
| 040 | |a GR-MY-UA |b gre |e aacr | ||
| 041 | 0 | |a gre | |
| 082 | 0 | |a 401.41 |2 (22) | |
| 100 | 1 | |a Λέκκα, Βιολέττα. | |
| 245 | 1 | 2 | |a Η γλώσσα των επιστημονικών κειμένων / |c Βιολέττα Λέκκα ; προλογικό σημείωμα: Γεώργιος Μπαμπινιώτης |
| 260 | |a Αθήνα : |b Ελληνικά Γράμματα, |c 2005 | ||
| 300 | |a 326 σ.; |c 24 εκ. | ||
| 490 | 1 | |a Γλώσσα - κείμενο - επικοινωνία | |
| 504 | |a Βιβλιογραφία: σ. [299]-317 | ||
| 504 | |a Περιέχει ερευτήριο όρων | ||
| 650 | 0 | 0 | |a Language and languages |x Style. |
| 650 | 0 | 0 | |a Discourse analysis. |
| 650 | 0 | 0 | |a Writing |x Identification. |
| 830 | 0 | |a Γλώσσα - κείμενο - επικοινωνία | |
| 852 | |a INST |b RHODES |e 20120910 |h 401.41 ΛΕΚ |p 005400034518 |q 005400034518 |t BK |y 0 | ||
| 901 | |a BIBL4-2012-3 | ||
| 909 | |a Ρ |b 171152 | ||
| 970 | |z 2012/09/10 | ||